Library Banner

The Baltimore school of Urban ecology (Record no. 88462)

MARC details
000 -LEADER
fixed length control field 00491nam a22001697a 4500
005 - DATE AND TIME OF LATEST TRANSACTION
control field 20161103113213.0
008 - FIXED-LENGTH DATA ELEMENTS--GENERAL INFORMATION
fixed length control field 161031b xxu||||| |||| 00| 0 eng d
020 ## - INTERNATIONAL STANDARD BOOK NUMBER
International Standard Book Number 9780300101133
040 ## - CATALOGING SOURCE
Transcribing agency PK-LaUMT
082 ## - DEWEY DECIMAL CLASSIFICATION NUMBER
Classification number 711.4
Item number GRO-B
100 ## - MAIN ENTRY--PERSONAL NAME
Personal name Grove, J. Morgan
245 ## - TITLE STATEMENT
Title The Baltimore school of Urban ecology
Remainder of title space, scale, and time for the study of cities
Statement of responsibility, etc J. Morgan Grove [et al.]
260 ## - PUBLICATION, DISTRIBUTION, ETC. (IMPRINT)
Place of publication, distribution, etc London:
Name of publisher, distributor, etc Yale University,
Date of publication, distribution, etc 2015
300 ## - PHYSICAL DESCRIPTION
Extent 227 p.
546 ## - LANGUAGE NOTE
Language note EN
942 ## - ADDED ENTRY ELEMENTS (KOHA)
Koha item type Books
Holdings
Withdrawn status Lost status Damaged status Home library Current library Date acquired Full call number Barcode Date last seen Price effective from Koha item type
      UMT Main Campus UMT Main Campus 2016-10-31 711.4 GRO-B 102420 2016-10-31 2016-10-31 Books